000 00678nam a2200241Ia 4500
008 191130s2000##################000#0#eng##
020 _a1578511941
022 _a99059014
040 _aACL
_cACL
082 _a330.16 DAV
100 _aDavis, Stanley M
245 _aFuture wealth
_cStan Davis, Christopher Meyer
260 _aBoston, MA
_bHarvard Business School
_cc2000
300 _axii, 201 p. : 24 cm
500 _aIncludes bibliographical references (p. 171-181) and index
650 _aEquality
650 _aIncome
650 _aWealth
700 _aMeyer, Christopher
990 _a027ef58cac10000c7add7bc5d12eaa6e
991 _a43375
999 _c191048
_d191048